| 000 | 00568nam a2200193 i 4500 | ||
|---|---|---|---|
| 001 | bg | ||
| 100 | 1 | _aBENNETT, Jean M. | |
| 245 | 0 |
_aIntroduction to surface raughness and scattering / _cJean M. Bennett, Lars Mattsson. |
|
| 260 |
_aWashington : _bOptical Society of America, _c1989. |
||
| 300 |
_aVIII,110, [2] s. : _bfot., rys., wykr. ; _c28 cm. |
||
| 700 | 1 | _aMATTSSON, Lars | |
| 020 | _a1557521085 | ||
| 040 | _cBPK | ||
| 041 | _apol | ||
| 080 | _a535:681.7:538.9:669 | ||
| 920 | _a1-55752-108-5 | ||
| 942 | _cKS | ||
| 008 | s pl f |000 0 pol | ||
| 999 |
_c29926 _d29926 |
||
| 856 |
_uhttp://koha.tu.koszalin.pl/cgi-bin/koha/opac-detail.pl?biblionumber=29926 _yKatalog online BPK |
||